[Event "Beirut op 11th"]
[Site "Beirut"]
[Date "2022.11.17"]
[Round "7"]
[White "Koniahli, Malek"]
[Black "Efimov, Igor"]
[Result "1-0"]
[WhiteElo "2209"]
[BlackElo "2372"]
[PlyCount "51"]
[EventDate "2022.11.12"]
[EventType "swiss"]
[EventRounds "9"]
[EventCountry "LBN"]
[SourceTitle "EXT 2024"]
[Source "ChessBase"]
[SourceDate "2023.10.10"]
[SourceVersion "1"]
[SourceVersionDate "2023.10.10"]
[SourceQuality "1"]

1. e4 c6 2. d4 d5 3. e5 g6 4. Nf3 Bg7 5. c4 Nd7 6. cxd5 cxd5 7. Nc3 Nb6 8. Bb5+ Kf8 9. a4 a6 10. Bd3 Rb8 11. Bf4 Bh6 12. Qc1 Kg7 13. Ng5 Be6 14. a5 Nd7 15. h4 Nf8 16. Qe3 Rc8 17. Ra3 Rc6 18. Rb3 Qxa5 19. Rxb7 Bc8 20. Rb8 Qc7 21. e6 Qa7 22. exf7 Nf6 23. 0-0 N8d7 24. Qxe7 Rf8 25. Rxc8 Rcxc8 26. Ne6+ 1-0

[Event "Beirut op 11th"]
[Site "Beirut"]
[Date "2022.11.13"]
[Round "2"]
[White "Efimov, Igor"]
[Black "Ferzli, Dany Michael"]
[Result "1-0"]
[WhiteElo "2372"]
[BlackElo "1693"]
[PlyCount "85"]
[EventDate "2022.11.12"]
[EventType "swiss"]
[EventRounds "9"]
[EventCountry "LBN"]
[SourceTitle "CBM 211 Extra"]
[Source "ChessBase"]
[SourceDate "2023.01.31"]
[SourceVersion "1"]
[SourceVersionDate "2023.01.31"]
[SourceQuality "1"]

1. d4 d5 2. Nf3 Nf6 3. g3 e6 4. Bg2 Be7 5. 0-0 0-0 6. Nbd2 b6 7. b3 Bb7 8. Bb2 Nbd7 9. c4 c5 10. cxd5 Nxd5 11. a3 Rc8 12. Rc1 cxd4 13. Nxd4 Rxc1 14. Qxc1 Qa8 15. Qa1 N5f6 16. Bh3 Rd8 17. Nc4 Qb8 18. Rc1 Nc5 19. Qa2 Nce4 20. b4 Bd5 21. Qa1 Rc8 22. Ne3 Rxc1+ 23. Qxc1 Bb7 24. Nc6 Bxc6 25. Qxc6 Nd6 26. Nc2 Qb7 27. Nd4 Qxc6 28. Nxc6 Nc8 29. f3 Nd5 30. e4 Ne3 31. Bc1 Nc4 32. Bf1 b5 33. Kf2 Kf8 34. Bxc4 bxc4 35. Ke3 Ke8 36. Kd4 Kd7 37. Ne5+ Kc7 38. Nxf7 Nb6 39. Bf4+ Kc6 40. Bg5 Bxg5 41. Nxg5 e5+ 42. Kc3 h6 43. Nf7 1-0

[Event "Beirut op 11th"]
[Site "Beirut"]
[Date "2022.11.12"]
[Round "1"]
[White "Eid, Floron"]
[Black "Efimov, Igor"]
[Result "0-1"]
[WhiteElo "1163"]
[BlackElo "2372"]
[PlyCount "80"]
[EventDate "2022.11.12"]
[EventType "swiss"]
[EventRounds "9"]
[EventCountry "LBN"]
[SourceTitle "CBM 211 Extra"]
[Source "ChessBase"]
[SourceDate "2023.01.31"]
[SourceVersion "1"]
[SourceVersionDate "2023.01.31"]
[SourceQuality "1"]

1. d4 Nf6 2. c4 e6 3. Nc3 Bb4 4. a3 Bxc3+ 5. bxc3 c5 6. Bg5 h6 7. Bh4 Qa5 8. Qb3 cxd4 9. Bxf6 gxf6 10. Rc1 Nc6 11. Nf3 b6 12. Nd2 Bb7 13. Ne4 Qe5 14. f3 Na5 15. Qb5 Bxe4 16. Qxe5 fxe5 17. fxe4 Rc8 18. cxd4 exd4 19. e3 dxe3 20. Bd3 Ke7 21. 0-0 Rc5 22. Rf3 Rhc8 23. Rcf1 Nxc4 24. Rxf7+ Kd6 25. Bxc4 Rxc4 26. Rd1+ Ke5 27. Rfxd7 Rc1 28. Kf1 Rxd1+ 29. Rxd1 Rc2 30. Re1 Kxe4 31. Re2 Rc1+ 32. Re1 Rxe1+ 33. Kxe1 b5 34. Ke2 a5 35. g4 b4 36. axb4 axb4 37. h4 b3 38. g5 b2 39. g6 b1Q 40. g7 Qc2+ 0-1

[Event "Vaduz ESNA 4th"]
[Site "Vaduz"]
[Date "2022.09.30"]
[Round "8"]
[White "Efimov, Igor"]
[Black "Kirby, Peter J"]
[Result "1-0"]
[WhiteElo "2360"]
[BlackElo "2011"]
[PlyCount "71"]
[EventDate "2022.09.25"]
[EventType "tourn"]
[EventRounds "9"]
[EventCountry "LIE"]
[SourceTitle "CBM 210 Extra"]
[Source "ChessBase"]
[SourceDate "2022.11.30"]
[SourceVersion "1"]
[SourceVersionDate "2022.11.30"]
[SourceQuality "1"]

1. d4 d5 2. Nf3 Nf6 3. c4 c6 4. Nc3 e6 5. e3 Nbd7 6. Qc2 Bd6 7. b3 0-0 8. Bb2 Re8 9. Be2 dxc4 10. bxc4 e5 11. 0-0 e4 12. Ng5 Qe7 13. c5 Bb8 14. Bc4 Bxh2+ 15. Kh1 Nd5 16. Qxe4 Qxe4 17. Ncxe4 Bc7 18. Nc3 h6 19. Nxf7 Kxf7 20. e4 N7f6 21. exd5 cxd5 22. Nxd5 Nxd5 23. Bxd5+ Be6 24. Bf3 Rad8 25. Rfe1 Bd5 26. Rxe8 Kxe8 27. Re1+ Kf7 28. Re3 Bxf3 29. Rxf3+ Ke6 30. Re3+ Kf7 31. Rf3+ Ke6 32. Ra3 a6 33. Re3+ Kf7 34. Rb3 Rb8 35. d5 Re8 36. d6 1-0

[Event "Allauch op 4th"]
[Site "Allauch"]
[Date "2022.08.25"]
[Round "6"]
[White "Efimov, Igor"]
[Black "Pichon, Ewen"]
[Result "0-1"]
[WhiteElo "2376"]
[BlackElo "2112"]
[PlyCount "110"]
[EventDate "2022.08.22"]
[EventType "swiss"]
[EventRounds "9"]
[EventCountry "FRA"]
[SourceTitle "CBM 210 Extra"]
[Source "ChessBase"]
[SourceDate "2022.11.30"]
[SourceVersion "1"]
[SourceVersionDate "2022.11.30"]
[SourceQuality "1"]

1. Nf3 Nf6 2. c4 e6 3. b3 d5 4. Bb2 Be7 5. g3 c5 6. cxd5 exd5 7. d4 Nc6 8. Bg2 0-0 9. 0-0 Bf5 10. Nc3 Rc8 11. dxc5 Bxc5 12. Rc1 Bb6 13. Na4 Re8 14. Nxb6 axb6 15. Qd2 Be4 16. Bh3 Ra8 17. a3 Qe7 18. Nd4 Bg6 19. Nxc6 bxc6 20. Rc2 c5 21. Rxc5 Qe3 22. Rc6 Qxe2 23. Qxe2 Rxe2 24. Bd4 Rxa3 25. Rxb6 h6 26. Bg2 Rd2 27. Bc5 Raa2 28. Rb8+ Kh7 29. Rd8 Rab2 30. b4 Be4 31. Bh3 Kg6 32. Re1 Re2 33. Rxe2 Rxe2 34. f4 Rb2 35. g4 Bf3 36. Rd6 Be4 37. Bf1 Kh7 38. h3 Rb1 39. Kf2 Bc2 40. Bg2 Ne4+ 41. Bxe4+ Bxe4 42. Rd7 Kg8 43. Rd8+ Kh7 44. Rd7 Kg8 45. h4 Rb3 46. Ke2 Bd3+ 47. Kf2 Bc4 48. h5 Rb2+ 49. Ke3 Rb3+ 50. Kd4 Be2 51. g5 Bxh5 52. Kxd5 Bf3+ 53. Kc4 Rb1 54. gxh6 gxh6 55. Bd4 Bg4 0-1

[Event "Allauch op 4th"]
[Site "Allauch"]
[Date "2022.08.23"]
[Round "3"]
[White "Chauvet, Vincent"]
[Black "Efimov, Igor"]
[Result "0-1"]
[WhiteElo "2101"]
[BlackElo "2376"]
[PlyCount "62"]
[EventDate "2022.08.22"]
[EventType "swiss"]
[EventRounds "9"]
[EventCountry "FRA"]
[SourceTitle "CBM 210 Extra"]
[Source "ChessBase"]
[SourceDate "2022.11.30"]
[SourceVersion "1"]
[SourceVersionDate "2022.11.30"]
[SourceQuality "1"]

1. d4 d5 2. c4 e6 3. Nc3 a6 4. cxd5 exd5 5. h3 Nf6 6. Bg5 Bb4 7. Qa4+ Nc6 8. a3 Bxc3+ 9. bxc3 h6 10. Bxf6 Qxf6 11. g3 Bf5 12. Bg2 0-0-0 13. Ra2 Rhe8 14. Rb2 Bd3 15. Qd1 Bc4 16. e3 Qe7 17. Qa4 b5 18. Qc2 Qxa3 19. Nf3 b4 20. Kd2 b3 21. Qf5+ Rd7 22. Rhb1 g6 23. Qf4 a5 24. Ne5 Nxe5 25. dxe5 a4 26. h4 Rde7 27. Qd4 Rxe5 28. Qa7 f5 29. Bf1 R8e6 30. Qa8+ Kd7 31. f4 Rxe3 0-1

[Event "Allauch op 4th"]
[Site "Allauch"]
[Date "2022.08.22"]
[Round "1"]
[White "Fabet, Olivier"]
[Black "Efimov, Igor"]
[Result "0-1"]
[WhiteElo "1680"]
[BlackElo "2376"]
[PlyCount "60"]
[EventDate "2022.08.22"]
[EventType "swiss"]
[EventRounds "9"]
[EventCountry "FRA"]
[SourceTitle "CBM 210 Extra"]
[Source "ChessBase"]
[SourceDate "2022.11.30"]
[SourceVersion "1"]
[SourceVersionDate "2022.11.30"]
[SourceQuality "1"]

1. e4 c5 2. Nf3 Nc6 3. d4 cxd4 4. Nxd4 Nf6 5. Nc3 d6 6. Be2 e5 7. Nb3 Be7 8. Bg5 Be6 9. Qd2 h6 10. Bh4 0-0 11. 0-0 Nxe4 12. Bxe7 Nxd2 13. Bxd8 Nxb3 14. axb3 Rfxd8 15. f4 Nd4 16. Bd3 f6 17. fxe5 dxe5 18. Ra3 a6 19. Ne4 Rac8 20. c4 f5 21. Nc3 e4 22. Be2 g6 23. Kf2 Kg7 24. g4 fxg4 25. Bd1 Rf8+ 26. Kg2 Rxf1 27. Kxf1 Rf8+ 28. Kg2 e3 29. Ra5 Rf2+ 30. Kg1 Nf3+ 0-1

[Event "Cappelle Online Blitz op"]
[Site "Europe Echecs INT"]
[Date "2022.01.09"]
[Round "10"]
[White "Efimov, Igor"]
[Black "Fridman, Daniel"]
[Result "0-1"]
[WhiteElo "2381"]
[BlackElo "2626"]
[PlyCount "38"]
[EventDate "2022.01.09"]
[EventType "swiss (blitz)"]
[EventRounds "11"]
[EventCountry "FRA"]
[SourceTitle "EXT 2023"]
[Source "ChessBase"]
[SourceDate "2022.10.05"]
[SourceVersion "1"]
[SourceVersionDate "2022.10.05"]
[SourceQuality "1"]

1. d4 d5 2. c4 e6 3. Nc3 c5 4. cxd5 cxd4 5. Qa4+ Bd7 6. Qxd4 exd5 7. e4 Nc6 8. Qxd5 Nf6 9. Qb3 Bb4 10. Bc4 0-0 11. Nge2 Qe7 12. 0-0 Na5 13. Bxf7+ Rxf7 14. Qc2 Rc8 15. f3 Ng4 16. Qd3 Bc5+ 17. Nd4 Qe5 18. fxg4 Qxd4+ 19. Kh1 Qxd3 0-1

[Event "EU Small Countries ol 7th"]
[Site "Sliema"]
[Date "2021.11.30"]
[Round "4.2"]
[White "Berend, Fred"]
[Black "Efimov, Igor"]
[Result "0-1"]
[WhiteElo "2325"]
[BlackElo "2386"]
[PlyCount "150"]
[EventDate "2021.11.28"]
[EventType "team-tourn"]
[EventRounds "9"]
[EventCountry "MLT"]
[SourceTitle "CBM 205 Extra"]
[Source "ChessBase"]
[SourceDate "2022.01.31"]
[SourceVersion "1"]
[SourceVersionDate "2022.01.31"]
[SourceQuality "1"]
[WhiteTeam "Luxembourg"]
[BlackTeam "Monaco"]
[WhiteTeamCountry "LUX"]
[BlackTeamCountry "MNC"]

1. e4 c5 2. Nf3 e6 3. g3 b6 4. Nc3 Bb7 5. d4 cxd4 6. Nxd4 Nf6 7. Bg2 Bb4 8. 0-0 0-0 9. Ndb5 d5 10. exd5 a6 11. Nd4 Bxc3 12. bxc3 Bxd5 13. Bg5 Bxg2 14. Kxg2 Nbd7 15. Qf3 Qc7 16. Rab1 Nd5 17. Bd2 Rac8 18. Rfd1 b5 19. a4 bxa4 20. Ra1 Ne5 21. Qe4 Nc4 22. Be1 Rfe8 23. Nf3 h6 24. Rd4 a3 25. Qd3 Qc6 26. Kg1 Nb2 27. Qd2 Nxc3 28. Ne5 Qc5 29. Qxc3 Qxc3 30. Bxc3 Rxc3 31. Rd7 f6 32. Ng6 Na4 33. Nf4 Nc5 34. Rc7 Kh7 35. Ra2 f5 36. Kg2 Rb8 37. Ne2 Rc4 38. Rxa3 Rb2 39. Nd4 Rxd4 40. Rxc5 Rd6 41. Rca5 Rxc2 42. Rxa6 Rdd2 43. Rf3 Re2 44. h3 g5 45. Raa3 Kg6 46. Rae3 Rxe3 47. Rxe3 Kf6 48. Ra3 h5 49. Ra4 Rc6 50. Ra8 h4 51. Ra4 hxg3 52. Kxg3 Rc3+ 53. Kg2 Rc2 54. Ra5 Rc6 55. Kg3 Rd6 56. Rc5 Rd1 57. Ra5 Rd5 58. Ra3 Rd1 59. Ra5 e5 60. Ra6+ Kf7 61. Rb6 Rd3+ 62. Kg2 e4 63. Ra6 Rd1 64. Kg3 Rd2 65. Ra7+ Kg6 66. Re7 Kf6 67. Re8 f4+ 68. Kg4 Rxf2 69. h4 Rg2+ 70. Kh5 e3 71. hxg5+ Rxg5+ 72. Kh4 Rg7 73. Kh3 Re7 74. Rf8+ Kg7 75. Rxf4 e2 0-1

[Event "Mediterranean-ch 11th"]
[Site "Petrovac"]
[Date "2021.06.24"]
[Round "7"]
[White "Ozenir, Ekin Baris"]
[Black "Efimov, Igor"]
[Result "1/2-1/2"]
[WhiteElo "2309"]
[BlackElo "2416"]
[PlyCount "65"]
[EventDate "2021.06.19"]
[EventType "swiss"]
[EventRounds "9"]
[EventCountry "MNE"]
[SourceTitle "CBM 203 Extra"]
[Source "ChessBase"]
[SourceDate "2021.09.30"]
[SourceVersion "1"]
[SourceVersionDate "2021.09.30"]
[SourceQuality "1"]

1. d4 d6 2. e4 Nf6 3. Bd3 g6 4. Nf3 Bg7 5. c3 0-0 6. 0-0 Nc6 7. Be3 e5 8. Nbd2 Bd7 9. dxe5 dxe5 10. Qc2 a5 11. Rfd1 Qe7 12. a4 h6 13. h3 Rad8 14. Bb5 b6 15. b4 axb4 16. cxb4 Nxb4 17. Qxc7 Rc8 18. Qxb6 Nc2 19. Rac1 Bxb5 20. Qxb5 Nxe3 21. fxe3 Rxc1 22. Rxc1 Qa3 23. Re1 Ra8 24. Nxe5 Qxa4 25. Qxa4 Rxa4 26. Nef3 Nxe4 27. Nxe4 Rxe4 28. g4 Bf8 29. Kf2 Bc5 30. Nd2 Re6 31. Kf3 Kg7 32. Ne4 Bb6 33. Kf4 1/2-1/2

[Event "Tetraktys Concept Mgmt"]
[Site "Europe Echecs INT"]
[Date "2021.06.06"]
[Round "8"]
[White "Efimov, Igor"]
[Black "Korchmar, Vasiliy"]
[Result "0-1"]
[WhiteElo "2416"]
[BlackElo "2450"]
[PlyCount "50"]
[EventDate "2021.06.06"]
[EventType "swiss (blitz)"]
[EventRounds "11"]
[EventCountry "FRA"]
[SourceTitle "CBM 202 Extra"]
[Source "ChessBase"]
[SourceDate "2021.07.31"]
[SourceVersion "1"]
[SourceVersionDate "2021.07.31"]
[SourceQuality "1"]

1. d4 Nf6 2. Bg5 c5 3. Nc3 cxd4 4. Qxd4 Nc6 5. Qh4 g6 6. 0-0-0 Bg7 7. e4 h6 8. Be3 g5 9. Qg3 d6 10. Be2 Qa5 11. a3 Be6 12. h4 g4 13. f4 Rc8 14. f5 Bd7 15. Nd5 Nxd5 16. Rxd5 Qc7 17. Qxg4 Ne5 18. c3 Nxg4 19. Bxg4 Bxc3 20. Kb1 Bxb2 21. Bd1 Bc6 22. Rd2 Bxe4+ 23. Kxb2 Qc1+ 24. Kb3 Rc3+ 25. Kb4 Qxa3+ 0-1

[Event "Tetraktys Concept Mgmt"]
[Site "Europe Echecs INT"]
[Date "2021.06.06"]
[Round "7"]
[White "Shevchenko, Kirill"]
[Black "Efimov, Igor"]
[Result "1-0"]
[WhiteElo "2605"]
[BlackElo "2416"]
[PlyCount "79"]
[EventDate "2021.06.06"]
[EventType "swiss (blitz)"]
[EventRounds "11"]
[EventCountry "FRA"]
[SourceTitle "CBM 202 Extra"]
[Source "ChessBase"]
[SourceDate "2021.07.31"]
[SourceVersion "1"]
[SourceVersionDate "2021.07.31"]
[SourceQuality "1"]

1. c4 c6 2. Nf3 d5 3. b3 Nf6 4. e3 g6 5. Bb2 Bg7 6. g3 0-0 7. d3 Bf5 8. Nbd2 Na6 9. Nh4 Bg4 10. Be2 Bxe2 11. Qxe2 dxc4 12. Nxc4 Nb4 13. Rd1 b5 14. Ne5 Qa5 15. Qd2 Qxa2 16. Bc3 Qxd2+ 17. Kxd2 Nfd5 18. Ba1 Rfd8 19. Rc1 Rac8 20. Rc5 Nf6 21. Ke2 Nd7 22. Nxd7 Rxd7 23. Bxg7 Kxg7 24. d4 a5 25. Nf3 f6 26. Ra1 Ra8 27. Ne1 a4 28. bxa4 Rxa4 29. Rxa4 bxa4 30. Ra5 Nd5 31. Kd3 e5 32. Rxa4 exd4 33. exd4 c5 34. dxc5 Nf4+ 35. Kc4 Ne6 36. Nc2 Rd2 37. Kc3 Rxf2 38. Ra7+ Kf8 39. c6 Rf5 40. Nd4 1-0

[Event "Europe Echecs Blitz May op"]
[Site "Europe Echecs INT"]
[Date "2021.05.09"]
[Round "4"]
[White "Santos Latasa, Jaime"]
[Black "Efimov, Igor"]
[Result "1-0"]
[WhiteElo "2608"]
[BlackElo "2416"]
[PlyCount "93"]
[EventDate "2021.05.09"]
[EventType "swiss (blitz)"]
[EventRounds "11"]
[EventCountry "FRA"]
[SourceTitle "CBM 202 Extra"]
[Source "ChessBase"]
[SourceDate "2021.07.31"]
[SourceVersion "1"]
[SourceVersionDate "2021.07.31"]
[SourceQuality "1"]

1. Nf3 Nf6 2. c4 c5 3. Nc3 e6 4. e3 d5 5. d4 Nc6 6. a3 a6 7. dxc5 Bxc5 8. b4 Be7 9. Bb2 0-0 10. Rc1 dxc4 11. Bxc4 b5 12. Be2 Bb7 13. 0-0 Rc8 14. Qb3 Qb6 15. h3 Rfd8 16. Rfd1 h6 17. Qa2 Rxd1+ 18. Rxd1 Rd8 19. Rc1 Rd7 20. Qb1 Qd8 21. Ba1 Ba8 22. Rd1 Bb7 23. Rxd7 Qxd7 24. Bd3 Qc7 25. Ne2 Nd7 26. Be4 Nf6 27. Bc2 Nd7 28. Nf4 Nce5 29. Nxe5 Nxe5 30. Bh7+ Kf8 31. Be4 Bxe4 32. Qxe4 Bd6 33. Bd4 g5 34. Bxe5 Bxe5 35. Nd3 Qc2 36. Qa8+ Kg7 37. Nxe5 Qc1+ 38. Kh2 Qc7 39. f4 gxf4 40. exf4 f6 41. Nd3 Qc3 42. Qb7+ Kg8 43. Nc5 Qe3 44. Qe4 Qxa3 45. Qxe6+ Kg7 46. Qe7+ Kg6 47. Qe8+ 1-0

[Event "EU Small Nations Hybrid"]
[Site "Tornelo INT"]
[Date "2021.04.19"]
[Round "3.2"]
[White "Carpenter, Paul A"]
[Black "Efimov, Igor"]
[Result "0-1"]
[WhiteElo "1982"]
[BlackElo "2416"]
[PlyCount "62"]
[EventDate "2021.04.17"]
[EventType "tourn"]
[EventRounds "9"]
[EventCountry "NET"]
[SourceTitle "CBM 202 Extra"]
[Source "ChessBase"]
[SourceDate "2021.07.31"]
[SourceVersion "1"]
[SourceVersionDate "2021.07.31"]
[SourceQuality "1"]

1. Nf3 Nf6 2. c4 d6 3. g3 e5 4. Bg2 Nc6 5. d3 h6 6. 0-0 Be7 7. Na3 0-0 8. Nc2 a5 9. Bd2 d5 10. cxd5 Nxd5 11. d4 exd4 12. Ncxd4 Nxd4 13. Nxd4 Bf6 14. Bxa5 Rxa5 15. Nb3 c6 16. e4 Nb4 17. Qxd8 Bxd8 18. Nxa5 Bxa5 19. a3 Nd3 20. b4 Bb6 21. Rad1 Nb2 22. Rc1 Be6 23. Rc2 Nc4 24. a4 Rd8 25. Rfc1 Rd4 26. b5 c5 27. e5 Na5 28. Bf3 Rxa4 29. Kg2 Nb3 30. Bxb7 Nxc1 31. Rxc1 c4 0-1

[Event "C'Chartres Blitz op April"]
[Site "Europe Echecs INT"]
[Date "2021.04.10"]
[Round "2"]
[White "Efimov, Igor"]
[Black "Bertrand, Julien"]
[Result "1-0"]
[WhiteElo "2416"]
[BlackElo "1891"]
[PlyCount "61"]
[EventDate "2021.04.10"]
[EventType "swiss (blitz)"]
[EventRounds "11"]
[EventCountry "FRA"]
[SourceTitle "CBM 201 Extra"]
[Source "ChessBase"]
[SourceDate "2021.05.31"]
[SourceVersion "1"]
[SourceVersionDate "2021.05.31"]
[SourceQuality "1"]

1. d4 d6 2. e4 Nf6 3. Nc3 c6 4. h3 Qc7 5. Nf3 e5 6. a4 a5 7. Bc4 Be7 8. 0-0 0-0 9. Re1 Re8 10. b3 Nbd7 11. Bb2 Bf8 12. Qd2 h6 13. Rad1 Nb6 14. Bf1 c5 15. Nb5 Qb8 16. dxc5 dxc5 17. c4 Be6 18. Bxe5 Qc8 19. Nc7 Nfd7 20. Bg3 f6 21. Nxa8 Qxa8 22. Bd6 Qc8 23. Bxf8 Rxf8 24. Qxa5 Qc6 25. Qd2 Ne5 26. Nxe5 fxe5 27. Qd6 Rf4 28. Qxc6 bxc6 29. a5 Nd7 30. a6 Kf7 31. Rxd7+ 1-0

[Event "EU-Cup Online Gr-B"]
[Site "Tornelo INT"]
[Date "2021.03.28"]
[Round "8.1"]
[White "Edouard, Romain"]
[Black "Efimov, Igor"]
[Result "1-0"]
[WhiteElo "2611"]
[BlackElo "2416"]
[PlyCount "103"]
[EventDate "2021.03.27"]
[EventType "team-tourn (rapid)"]
[EventRounds "9"]
[EventCountry "NET"]
[SourceTitle "CBM 201 Extra"]
[Source "ChessBase"]
[SourceDate "2021.05.31"]
[SourceVersion "1"]
[SourceVersionDate "2021.05.31"]
[SourceQuality "1"]
[WhiteTeam "Geneve"]
[BlackTeam "Monte Carlo"]
[WhiteTeamCountry "SUI"]
[BlackTeamCountry "MNC"]

1. d4 e6 2. c4 c5 3. d5 exd5 4. cxd5 d6 5. Nc3 g6 6. e4 Bg7 7. f4 Ne7 8. Nf3 0-0 9. Bc4 Bg4 10. 0-0 Nd7 11. h3 Bxf3 12. Qxf3 Nb6 13. b3 f5 14. Bd2 fxe4 15. Qxe4 Nf5 16. Kh2 Re8 17. Qd3 Nxc4 18. bxc4 Qf6 19. Nb5 Qd8 20. Rae1 Rxe1 21. Rxe1 a6 22. Nc3 Qd7 23. Ne4 b5 24. Ng5 b4 25. Ne6 a5 26. g4 Nd4 27. Nxg7 Qxg7 28. f5 Rf8 29. Bf4 Qf6 30. Qg3 gxf5 31. gxf5+ Kf7 32. Kh1 Rg8 33. Qe3 Nxf5 34. Qe2 Nd4 35. Qe4 Qh4 36. Bxd6 Qxe4+ 37. Rxe4 Nf5 38. Bc7 Ng3+ 39. Bxg3 Rxg3 40. Rh4 a4 41. Rxh7+ Kf6 42. d6 a3 43. Rc7 Rxh3+ 44. Kg2 Rh5 45. Kf3 Ke6 46. d7 Ke7 47. Ke4 Kd8 48. Ra7 Rh2 49. Kd5 Rxa2 50. Kxc5 b3 51. Kc6 Ke7 52. c5 1-0

[Event "EU-Cup Online Gr-B"]
[Site "Tornelo INT"]
[Date "2021.03.28"]
[Round "5.1"]
[White "Efimov, Igor"]
[Black "Brunner, Nicolas"]
[Result "0-1"]
[WhiteElo "2416"]
[BlackElo "2418"]
[PlyCount "56"]
[EventDate "2021.03.27"]
[EventType "team-tourn (rapid)"]
[EventRounds "9"]
[EventCountry "NET"]
[SourceTitle "CBM 201 Extra"]
[Source "ChessBase"]
[SourceDate "2021.05.31"]
[SourceVersion "1"]
[SourceVersionDate "2021.05.31"]
[SourceQuality "1"]
[WhiteTeam "Monte Carlo"]
[BlackTeam "Vandoeuvre"]
[WhiteTeamCountry "MNC"]
[BlackTeamCountry "FRA"]

1. d4 d5 2. Nf3 Nf6 3. c4 e6 4. Nc3 c6 5. e3 Nbd7 6. Qc2 Bd6 7. Bd2 0-0 8. 0-0-0 b5 9. c5 Bc7 10. Bd3 a5 11. e4 dxe4 12. Nxe4 Ba6 13. Ne5 Nxe5 14. dxe5 Bxe5 15. Bg5 Qc7 16. Nxf6+ gxf6 17. Be3 Kh8 18. Qe2 f5 19. Qh5 Rg8 20. g4 Rxg4 21. Bxf5 exf5 22. Qxf5 Bc8 23. Qh5 Be6 24. h3 Rg6 25. Kb1 Bd5 26. Rhe1 Bg7 27. f4 Rg2 28. Rg1 Be4+ 0-1